Statistics for Charlie Day Filmography

Click here to take the quiz!

General Stats

  • This quiz has been taken 19 times
    (5 since last reset)
  • The average score is 18 of 58

Answer Stats

TypeYearName% Correct
Film2023The Super Mario Bros. Movie
100%
TV Show2004-PresentIt's Always Sunny in Philadelphia
80%
TV Pilot2004It's Always Sunny on TV
80%
Film2014The Lego Movie
80%
Film2019The Lego Movie 2: The Second Part
80%
Film2011Horrible Bosses
60%
Film2014Horrible Bosses 2
60%
Film2013Pacific Rim
60%
Web Series2023Bupkis
40%
Film2017Fist Fight
40%
Film2023Fool's Paradise
40%
Film2017I Love You, Daddy
40%
Film2013Monsters University
40%
Film2018Pacific Rim: Uprising
40%
Short Film2014Party Central
40%
Film2025Wildwood
40%
TV Show2012American Dad!
20%
Film2008A Quiet Little Marriage
20%
Theater2000A Servant of Two Masters
20%
Short Film2009A Very Sunny Christmas
20%
Film2002Bad Company
20%
Theater1999Camino Real
20%
Film2001Campfire Stories
20%
TV Show2000Celebrity Deathmatch
20%
Short Film2008Dancing Guy
20%
Short Film2007Danny DeVito & the Contract
20%
Theater1997Dead End
20%
Commercial2017DIRECTV
20%
Video Game2013Disney Infinity
20%
TV Show2014Drunk History
20%
Film2010Going the Distance
20%
Film2018Hotel Artemis
20%
Film2021How It Ends
20%
Music Video2022If I Didn't Love You
20%
Film2022I Want You Back
20%
Theater1997Johnny on a Spot
20%
Short Film2001Late Summer
20%
TV Show2001Law & Order
20%
Video Game2015Lego Dimensions
20%
Film2005Love Thy Neighbor
20%
TV Show2003Luis
20%
TV Show2000Madigan Men
20%
TV Film2000Mary and Rhoda
20%
Commercial2022Mountain Dew
20%
Theater1997Princess Turnadot
20%
Theater1999Quark Victory
20%
TV Show2004Reno 911!
20%
TV Show2011, 2012Saturday Night Live
20%
Short Film2011Surviving a Horrible Boss
20%
Podcast2021-PresentThe Always Sunny Podcast
20%
TV Show2018The Cool Kids
20%
Film2016The Hollars
20%
Theme Park Attraction2016The Lego Movie: 4D - A New Adventure
20%
Film2023The Saint of Second Chances
20%
TV Show2001-2004Third Watch
20%
Commercial2020Tide
20%
TV Show2012Unsupervised
20%
Film2015Vacation
20%

Score Distribution

Percentile by Number Answered

Percent of People with Each Score

Your Score History

You have not taken this quiz since the last reset